Eurowizja dla dzieci 2003 - Statystyki

Ogólne statystyki
  • Ten quiz został rozwiązany 34 razy
  • Średni wynik to 14 z 16
Statystyki odpowiedzi
Miejsce Państwo % Poprawnych
16 Polska
100%
3 Wielka Brytania
100%
2 Hiszpania
97%
4 Białoruś
93%
1 Chorwacja
93%
8 Grecja
93%
6 Belgia
87%
11 Holandia
87%
13 Norwegia
87%
15 Szwecja
87%
14 Cypr
83%
5 Dania
83%
9 Łotwa
83%
12 Macedonia
83%
10 Rumunia
83%
7 Malta
80%
Nie znaleziono quizów pasujących do podanych kryteriów
Rozkład punktacji
Procent ludzi z każdym wynikiem
Percentyl według liczby udzielonych odpowiedzi
Twoja historia wyników
Nie rozwiązałeś tego quizu